Celebrity Deaths 2010-2019 - Statistics

General Stats
  • This quiz has been taken 341 times
    265 since last reset
  • The average score is 19 of 30
Answer Stats
Hint Year Answer % Correct
First man to ever step foot on the moon 2012 Neil Armstrong
95%
Singer and actress whose most famous song is 'I Will Always Love You' 2012 Whitney Houston
93%
American singer whose famous song is 'Purple Rain' 2016 Prince
90%
Political figure who inspired the revolt to end apartheid in South Africa 2013 Nelson Mandela
86%
Co-founder of Apple Computers and also developed Pixar Studios 2011 Steve Jobs
86%
Professional boxer formerly known as Cassius Clay 2016 Muhammad Ali
85%
The 41st president of the United States of America 2018 George H.W. Bush
80%
Singer whose hits are 'Faith' and 'Careless Whisper' 2016 George Michael
78%
Comedian who played in Good Will Hunting and Dead Poets Society 2014 Robin Williams
78%
The Queen of Soul 2018 Aretha Franklin
76%
Dictator – Prime Minister then President of Cuba from 1959-2008 2016 Fidel Castro
75%
Actress known for playing Princess Leia in the Star Wars films 2016 Carrie Fisher
74%
Magazine publisher and the founder and editor-in-chief of Playboy magazine 2017 Hugh Hefner
74%
Actor who played Brian O’Conner in The Fast and the Furious films 2013 Paul Walker
74%
Prime Minister of the United Kingdom (1979-1990) 2013 Margaret Thatcher
72%
British solo female recording artist, won 5 Grammy Awards 2011 Amy Winehouse
67%
Actor best known for the Airplane and Naked Gun franchises 2010 Leslie Nielsen
63%
Theoretical physicist considered by many to be the Einstein of his generation 2018 Stephen Hawking
63%
English singer-songwriter born as David Robert Jones 2016 David Bowie
62%
American actor, son of Henry, brother of Jane and father of Bridget 2019 Peter Fonda
58%
Actress famed for her beauty, her many husbands and lavish jewelry 2011 Elizabeth Taylor
56%
Actor who played James Bond in seven films 2017 Roger Moore
54%
Actor who played Tony Soprano in The Sopranos 2013 James Gandolfini
49%
Actor who played T.E. Lawrence in Lawrence of Arabia 2013 Peter O'Toole
41%
Former president of Zimbabwe 2019 Robert Mugabe
38%
Ghanaian diplomat who served as the 7th Secretary-General of the UN 2018 Kofi Annan
32%
Austrian Formula 1 legend who was a three-time world champion 2019 Niki Lauda
32%
Egyptian actor who played in Lawrence of Arabia and Doctor Zhivago 2015 Omar Sharif
28%
Italian filmmaker who directed The Last Emperor and Last Tango in Paris 2018 Bernardo Bertolucci
14%
Italian actor known for action-comedy and Spaghetti Western roles 2016 Bud Spencer
10%
No matching quizzes found
Score Distribution
Percent of People with Each Score
Percentile by Number Answered
Your Score History
You have not taken this quiz since the last reset